Stolice państw (alfabetycznie) - Statystyki

Ogólne statystyki
  • Ten quiz został rozwiązany 148 razy
  • Średni wynik to 112 z 196
Statystyki odpowiedzi
Stolica Państwo % Poprawnych
Algier Algieria
97%
Andora Andora
95%
Amsterdam Holandia
93%
Ankara Turcja
93%
Ateny Grecja
92%
Abu Zabi Zjednoczone Emiraty Arabskie
89%
Helsinki Finlandia
87%
Bruksela Belgia
85%
Brasilia Brazylia
85%
Dublin Irlandia
85%
Monako Monako
85%
Berlin Niemcy
85%
Moskwa Rosja
85%
Bratysława Słowacja
85%
Mińsk Białoruś
84%
Gwatemala Gwatemala
84%
Madryt Hiszpania
84%
Ryga Łotwa
84%
Luksemburg Luksemburg
84%
Lizbona Portugalia
84%
Bukareszt Rumunia
84%
San Marino San Marino
84%
Sztokholm Szwecja
84%
Kijów Ukraina
84%
Londyn Wielka Brytania
84%
Rzym Włochy
84%
Buenos Aires Argentyna
82%
Pekin Chiny
82%
Praga Czechy
82%
Kopenhaga Dania
82%
Dżibuti Dżibuti
82%
Kair Egipt
82%
Paryż Francja
82%
Reykjavik Islandia
82%
Jerozolima (konstytucyjnie) Izrael
82%
Kuwejt Kuwejt
82%
Meksyk Meksyk
82%
Oslo Norwegia
82%
Budapeszt Węgry
82%
Sofia Bułgaria
80%
Tallinn Estonia
80%
Tokio Japonia
80%
Panama Panama
80%
Singapur Singapur
80%
Canberra Australia
79%
Wiedeń Austria
79%
Belgrad Serbia
79%
Watykan Watykan
79%
Erywań Armenia
77%
Baku Azerbejdżan
77%
Sarajewo Bośnia i Hercegowina
77%
Nikozja Cypr
77%
Nowe Delhi Indie
77%
Ottawa Kanada
77%
Bogota Kolumbia
77%
Seul Korea Południowa
77%
Hawana Kuba
77%
Kiszyniów Mołdawia
77%
Lima Peru
77%
Warszawa Polska
77%
San Salvador Salwador
77%
Waszyngton Stany Zjednoczone
77%
Damaszek Syria
77%
Caracas Wenezuela
77%
Podgorica Czarnogóra
75%
Bagdad Irak
75%
Pjongjang Korea Północna
75%
Prisztina Kosowo
75%
Antananarywa Madagaskar
75%
Lublana Słowenia
75%
Berno (de facto) Szwajcaria
75%
Bangkok Tajlandia
75%
Zagrzeb Chorwacja
74%
Wilno Litwa
74%
Skopje Macedonia Północna
74%
Vaduz Liechtenstein
72%
Tunis Tunezja
72%
Tbilisi Gruzja
70%
Ułan Bator Mongolia
70%
Tirana Albania
69%
Santiago Chile
69%
Nairobi Kenia
69%
Valletta Malta
69%
Rabat Maroko
69%
Asuncion Paragwaj
69%
Hanoi Wietnam
69%
Bissau Gwinea Bissau
67%
Teheran Iran
67%
Dakar Senegal
67%
Sri Dźajawardanapura Kotte Sri Lanka
67%
Montevideo Urugwaj
67%
Addis Abeba Etiopia
66%
Dżakarta Indonezja
66%
Sucre/La Paz Boliwia
64%
Rijad Arabia Saudyjska
62%
Quito Ekwador
62%
Manila Filipiny
61%
Doha Katar
61%
Islamabad Pakistan
61%
Chartum Sudan
61%
Tajpej Tajwan
61%
Kabul Afganistan
59%
Kingston Jamajka
59%
Bejrut Liban
59%
Santo Domingo Dominikana
57%
Nur-Sułtan Kazachstan
56%
Pretoria Republika Południowej Afryki
56%
Aszchabad Turkmenistan
56%
Amman Jordania
54%
Kuala Lumpur Malezja
54%
Akra Ghana
52%
Trypolis Libia
52%
Wellington Nowa Zelandia
52%
Male Malediwy
51%
Abudża Nigeria
51%
Taszkent Uzbekistan
51%
Duszanbe Tadżykistan
49%
Luanda Angola
48%
Dhaka Bangladesz
48%
Biszkek Kirgistan
48%
San Jose Kostaryka
46%
Katmandu Nepal
46%
Bandar Seri Begawan Brunei
44%
Brazzaville Kongo
44%
Kinszasa Demokratyczna Republika Konga
43%
Phnom Penh Kambodża
43%
Lome Togo
43%
Sao Tome Wyspy Świętego Tomasza i Książęca
43%
Harare Zimbabwe
43%
Port-au-Prince Haiti
41%
Jaunde Kamerun
41%
Paramaribo Surinam
41%
Nassau Bahamy
39%
Georgetown Gujana
39%
Tegucigalpa Honduras
39%
Wientian Laos
39%
Niamey Niger
39%
Maskat Oman
39%
Mogadiszu Somalia
39%
Dżuba Sudan Południowy
38%
Dili Timor Wschodni
38%
Belmopan Belize
36%
Sana Jemen
36%
Monrovia Liberia
36%
Bamako Mali
36%
Naypyidaw Mjanma
36%
Freetown Sierra Leone
36%
Ndżamena Czad
34%
Managua Nikaragua
34%
Dodoma Tanzania
34%
Port-of-Spain Trynidad i Tobago
34%
Bandżul Gambia
33%
Konakry Gwinea
33%
Manama Bahrajn
31%
Bridgetown Barbados
31%
Thimphu Bhutan
31%
Gaborone Botswana
31%
Libreville Gabon
31%
Nawakszut Mauretania
31%
Windhuk Namibia
31%
Bangi Republika Środkowoafrykańska
31%
Jamusukro Wybrzeże Kości Słoniowej
31%
Asmara Erytrea
30%
Porto-Novo Benin
28%
Lilongwe Malawi
28%
Maputo Mozambik
28%
Port Moresby Papua-Nowa Gwinea
28%
Apia Samoa
28%
Victoria Seszele
28%
Lusaka Zambia
28%
Mbabane Eswatini
26%
Port Louis Mauritius
26%
Praia Republika Zielonego Przylądka
26%
Kigali Rwanda
26%
Castries Saint Lucia
26%
Kampala Uganda
26%
Suva Fidżi
25%
Bairiki Kiribati
25%
Basseterre Saint Kitts i Nevis
25%
Kingstown Saint Vincent i Grenadyny
25%
Honiara Wyspy Salomona
25%
Saint John's Antigua i Barbuda
23%
Wagadugu Burkina Faso
23%
Gitega Burundi
23%
Maseru Lesotho
23%
Roseau Dominika
21%
Malabo Gwinea Równikowa
21%
Nuku'alofa Tonga
21%
Saint George's Grenada
20%
Moroni Komory
20%
Ngerulmud Palau
20%
Palikir Mikronezja
18%
Majuro Wyspy Marshalla
18%
Port Vila Vanuatu
16%
Yaren Nauru
13%
Vaiaku Tuvalu
13%
Nie znaleziono quizów pasujących do podanych kryteriów
Rozkład punktacji
Procent ludzi z każdym wynikiem
Percentyl według liczby udzielonych odpowiedzi
Twoja historia wyników
Nie rozwiązałeś tego quizu